Mario Tennis: Ultra Smash - Personnages [avec image] - Statistiques

Statistiques générales
  • Ce quiz a été pris 25 fois
  • Le résultat moyen est 14 sur 16
Statistiques - réponses
Par images Réponse % Correct
Bowser
100%
Luigi
100%
Mario
100%
Princesse Peach
100%
Toad
100%
Toadette
100%
Yoshi
100%
Boo
90%
Donkey Kong
90%
Harmonie
90%
Waluigi
90%
Wario
90%
Princesse Daisy
80%
Bowser Jr.
70%
Bowser Skelet
70%
Princesse Libella
20%
Aucun quiz correspondant
Distribution des résultats
% des personnes avec chaque résultat
Percentile par nombre de réponses
Votre historique - résultats
Vous n’avez pas pris ce quiz